Stonechengue. (Registro nro. 2632)

Detalles MARC
000 -LEADER
fixed length control field 01431ntm a2200205 a 4500
008 - CAMPO DE CONTROL (LIBRO)
fixed length control field 170302t2000 ag ||||g |||| 001 0 spa d
020 ## - INTERNATIONAL STANDARD BOOK NUMBER
ISBN 9509009075
041 ## - CODIGO DE IDIOMA
Código de idioma del texto/pista de sonido o título separado spa
092 ## - SIGNATURA TOPOGRAFICA DEWEY LOCAL
número de clasificación 823
libristica 13
sección COR
100 1# - ENTRADA PRINCIPAL--NOMBRE PERSONAL
Nombre personal Cornwell, Bernard
9 (RLIN) 3481
245 ## - TITULO PROPIAMENTE DICHO
Título Stonechengue.
Subtítulo y Título paralelo Una novela del año 2000 A.C /
Mención de responsabilidad y remanente de la transcripción de la portada Bernard Cornwell
250 ## - MENCION DE EDICION
Mención de edición 1a ed.
Mención de responsabilidad relacionada con la ed. Traducción Eduardo Iriarte Goñi
260 ## - PIE DE IMPRENTA
Lugar de publicación, distribución, etc Buenos Aires:
Nombre de la editorial, distribuidor, etc Edhasa;
Fecha de publicación 2004.
300 ## - DESCRIPCION FISICA
Extension 528 p.
Dimensiones 23x15 cm.
500 ## - NOTA GENERAL
Nota general Cornwell, B. (2004). Stonehenge. Una novela del año 2000 A.C. (1a ed.). Buenos Aires : Edhasa.
505 ## - NOTA DE CONTENIDO
Nota de contenido formateada Hace unos cuatro mil años, una tribu del sudoeste de Gran Bretaña llevó a cabo una de las mayores hazañas arquitectónicas de todos los tiempos: Stonehenge, un santuario hecho a base de inmensos bloques de piedra traídos de tierras lejanas. La grandiosidad de la obra a dejado perplejos a los investigadores a los largo de los siglos. ¿Qué llevó a aquellos hombres a acometer semejante empresa? ¿Cuáles eran sus nombres, sus motivaciones, sus dioses? Bertrand Cornwell responde a éstas y muchas otras preguntas a través de la historia de los tres hijos del jefe de la tribu de Ratharryn: Lengar, Camaban y Saban; el guerrero, el visionario y el constructor. Tres hermanos que, cada uno a su modo, osaron desafiar al mismísimo dios del Sol.
590 ## - NOTAS LOCALES (RLIN)
Nota local Donacion Maria Vitarelli, diciembre 2017
655 ## - MATERIA - GENERO/FORMA
Género/Forma Novela
-- 3091
942 ## - ADDED ENTRY ELEMENTS (KOHA)
Source of classification or shelving scheme Dewey Decimal Classification
Item type Libros
Existencias
Estado de retiro Existencia Fuente de clasificación Estado general No para prestamo Ubicación permanente ubicación actual Sala de ubicación Fecha de adquisición Fuente de adquisición Total Checkouts Número de clasificación Código de barras Date last seen Número de ejemplar Price effective from Koha tipo de elemento (item) Public note
    Dewey Decimal Classification     Biblioteca Medicina Biblioteca Medicina Circulación 06/02/2018 Donación Maria Vitarelli, diciembre 2017   823 13 COR 4137 06/02/2018 Ej. 1 06/02/2018 LITERATURA Proyecto 4to libro. Donación Maria Vitarelli, diciembre 2017

UNIVERSIDAD NACIONAL DEL COMAHUE
Biblioteca de la Facultad de Ciencias Médicas
Sede Toschi: Los Arrayanes y Av. Toschi, Cipolletti  - Rio Negro
Sede Los Tordos:  Yrigoyen al 2211, Cipolletti - Rio Negro 

Teléfono: 0299 - 4774707 int 25
Contacto: biblioteca@facimed.uncoma.edu.ar
© 2011 - 2026